Отчет уездного агронома Вятского губернского земства по Яранскому уезду ... с 1 сентября 1894 г. по 1 сентября 1895 года$90: с 1 сентября 1894 г. по 1 сентября 1895 года (Запись № 4097230)

Подробности
000 -МАРКЕР
контрольное поле 01135nam2a22002291 4500
001 - ИДЕНТИФИКАТОР ЗАПИСИ
контрольное поле v19\rc\1264405
005 - ИДЕНТИФИКАТОР ВЕРСИИ
контрольное поле 20250618002525.0
035 ## - ДРУГИЕ СИСТЕМНЫЕ НОМЕРА
Идентификатор записи (NLR Aleph) 004418023
100 ## - ДАННЫЕ ОБЩЕЙ ОБРАБОТКИ
Данные общей обработки 20060306d1895 |||y0rusy50 ca
101 0# - ЯЗЫК РЕСУРСА
Язык текста, звукозаписи и т.д. русский
102 ## - СТРАНА ПУБЛИКАЦИИ ИЛИ ПРОИЗВОДСТВА
Страна публикации Российская Федерация
105 ## - ПОЛЕ КОДИРОВАННЫХ ДАННЫХ: ТЕКСТОВЫЕ МАТЕРИАЛЫ, МОНОГРАФИЧЕСКИЕ
Кодированные данные о монографическом текстовом документе y z |||||
200 0# - ЗАГЛАВИЕ И СВЕДЕНИЯ ОБ ОТВЕТСТВЕННОСТИ
Основное заглавие с 1 сентября 1894 г. по 1 сентября 1895 года
210 ## - ПУБЛИКАЦИЯ, РАСПРОСТРАНЕНИЕ И ДР.
Дата издания, распространения и т.д. 1895
Место издания, распространения и т.д. Б. м.
215 ## - ФИЗИЧЕСКАЯ ХАРАКТЕРИСТИКА
Специфическое обозначение материала и объем [2], 225 с.
461 #0 - УРОВЕНЬ НАБОРА
Встроенное поле 001v19\rc\1264402
-- 2001#$aОтчет уездного агронома Вятского губернского земства по Яранскому уезду ...$vс 1 сентября 1894 г. по 1 сентября 1895 года$90
Системный номер (АБИС) связанной записи 4097195
Автор Яранский уездный земский агроном
Место публикации Вятка
Дата публикации 1893
Физическая характеристика 26 с.
Заглавие Отчет уездного агронома Вятского губернского земства по Яранскому уезду ...
Номер тома с 1 сентября 1894 г. по 1 сентября 1895 года$90
801 #0 - ИСТОЧНИК ЗАПИСИ
Страна Российская Федерация
Организация NLR
Правила каталогизации psbo
801 #1 - ИСТОЧНИК ЗАПИСИ
Страна Российская Федерация
Организация ProSoft-M
Источник данных rusmarc
852 ## - МЕСТОНАХОЖДЕНИЕ И ШИФР ХРАНЕНИЯ
Идентификатор организации NLR
Наименование фонда или коллекции (Sub-Location Identifier) Зем
Шифр хранения (Call Number) 10-11/О4
942 ## - ДОПОЛНИТЕЛЬНЫЕ ЭЛЕМЕНТЫ ЗАПИСИ (АБИС)
Тип экземпляра АБИС Книга
980 ## - КОЛЛЕКЦИЯ
Название коллекции Национальная библиография
Экземпляры
Тип экземпляра Дата поступления Библиотека постоянного хранения Библиотека текущего хранения Место хранения Шифр хранения Штрих-код Статус экземпляра
Книга 26.10.2013 РНБ (Садовая) РНБ (Садовая) Русский книжный фонд -Главное здание, Ленинский читальный зал Зем 10-11/О4 4418023-10